|
|
|
|
| LEADER |
00000nas a2200000 i 4500 |
| 001 |
ssj0001073591 |
| 003 |
WaSeSS |
| 005 |
20200512172242.0 |
| 006 |
m d |
| 007 |
cr n |
| 008 |
131220u20uuuuuustkf| p|s|||||| |0eng d |
| 035 |
|
|
|a (WaSeSS)ssj0001073591
|
| 040 |
|
|
|a WaSeSS
|b eng
|c WaSeSS
|d WaSeSS
|
| 050 |
1 |
4 |
|a HF5548.7
|
| 245 |
0 |
0 |
|a Journal of organizational behavior education
|h [electronic resource].
|
| 246 |
1 |
3 |
|a JOBE
|
| 260 |
|
|
|a Edinburgh, Scotland :
|b NeilsonJournals Publishing
|
| 310 |
|
|
|a Semiannual
|
| 506 |
|
|
|a License restrictions may limit access.
|
| 588 |
|
|
|a Description based on: Volume 2 (2009); title from title screen (ProQuest, viewed Dec. 20, 2013).
|
| 588 |
|
|
|a Latest issue consulted: Volume 4 (2011) (viewed Dec. 20, 2013).
|
| 650 |
|
0 |
|a Organizational behavior
|v Periodicals.
|
| 650 |
|
0 |
|a Business communication
|v Periodicals.
|
| 650 |
|
0 |
|a Organizational behavior
|x Study and teaching
|v Periodicals.
|
| 650 |
|
0 |
|a Business communication
|x Study and teaching
|v Periodicals.
|
| 650 |
|
0 |
|a Management
|v Periodicals.
|
| 655 |
|
0 |
|a Electronic journals.
|
| 776 |
0 |
8 |
|i Print version:
|t Journal of organizational behavior education
|x 1649-7627
|
| 856 |
4 |
0 |
|z Full text available from Research Library: 01/01/2009 to 01/31/2011
|u https://search.proquest.com/publication/307107
|